| 000 | 00971nam a22002537a 4500 | ||
|---|---|---|---|
| 003 | BD-DhSAU | ||
| 005 | 20220305152805.0 | ||
| 008 | 210929b |||||||| |||| 00| 0 eng d | ||
| 040 | _aBD-DhSAU | ||
| 082 |
_222 _a581.35 _bSa452 |
||
| 100 |
_aSAMIM, MD. ABU IBNE ANAS _eRegistration No.:# 18-09244 |
||
| 245 |
_aScreening of yield contributing traits of chilli (capsicum sp.) genotypes against salinity / _bMs Thesis |
||
| 260 |
_aSher-e-Bangla Agricultural University ; _bDEPARTMENT OF GENETICS AND PLANT BREEDING; _c2020; |
||
| 300 |
_aviii; _b79p.; _c30cm.; |
||
| 500 | _aIncluding Index.; | ||
| 590 | _aNazmul | ||
| 600 | _qcontributing traits | ||
| 610 | _achilli (capsicum sp.) | ||
| 650 | _2genotypes against salinity | ||
| 700 |
_aProf. Dr. Naheed Zeba _eSupervisor |
||
| 710 |
_aProf. Dr. Md. Ashaduzzaman Siddikee _eCo-Supervisor |
||
| 856 |
_yOnline Access _u http://archive.saulibrary.edu.bd:8080/xmlui/handle/123456789/3649 |
||
| 942 |
_2ddc _cTHESIS |
||
| 999 |
_c15745 _d15744 |
||